Bases sociológicas del conocimiento.

Uloženo v:
Podrobná bibliografie
Hlavní autor: Godoy Urzúa, Hernán (autor)
Další autoři: Amster, Mauricio (proyección de edición)
Médium: Kniha
Jazyk:španělština
Vydáno: Santiago, Chile: Universitaria, 1979.
Vydání:1a. edición.
Edice:Fascículos para la comprensión de la ciencia, las humanidades y la tecnología, 23.
Témata:
Tagy: Přidat tag
Žádné tagy, Buďte první, kdo vytvoří štítek k tomuto záznamu!

MARC

LEADER 00000nam a2200000 a 4500
001 UCW5252
003 CL-VaPUC
005 20240923091418.0
008 910314e19790000CL |||||||||||||||||spa|d
999 |c 218729  |d 218727 
040 |c Pontificia Universidad Católica de Valparaíso 
082 0 4 |a 306.4 GOD 1979   |2 21 
100 |a Godoy Urzúa, Hernán  |e autor  |9 617186 
245 1 0 |a Bases sociológicas del conocimiento. 
250 |a 1a. edición.  
260 |a Santiago, Chile:  |b Universitaria,  |c 1979. 
300 |a 83 páginas.  
490 0 |a Fascículos para la comprensión de la ciencia, las humanidades y la tecnología, 23.  
500 |a c.9 Donación Familia Prof. Alejandro Guzmán Brito.  
583 |a last modification  |c 19910314 00:00:00  |k Rodrigo Vera 
650 0 |a Sociología del conocimiento  |9 308651 
700 |a Amster, Mauricio   |e proyección de edición   |9 865533 
942 |c BK  |2 ddc  |n 0 
945 |d 19910314 00:00:00 
952 |0 0  |1 0  |4 0  |6 306_400000000000000_GOD_1979  |7 0  |8 P  |9 208766  |a BIBEDU  |b BIBEDU  |c BIBEDU_PB  |d 2019-11-15  |i 2765950  |o 306.4 GOD 1979  |p 2765950  |r 2024-01-25  |w 2019-11-15  |y BK  |k EDU 
952 |0 0  |1 0  |4 0  |6 306_400000000000000_GOD_1979  |7 0  |8 P  |9 208767  |a BIBEDU  |b BIBEDU  |c BIBEDU_PB  |d 2019-11-15  |i 2765969  |o 306.4 GOD 1979  |p 2765969  |r 2024-01-25  |w 2019-11-15  |y BK  |k EDU 
952 |0 0  |1 0  |4 0  |6 306_400000000000000_GOD_1979  |7 0  |8 P  |9 208768  |a BIBEDU  |b BIBEDU  |c BIBEDU_PB  |d 2019-11-15  |i 1557327  |o 306.4 GOD 1979  |p 1557327  |r 2024-01-25  |w 2019-11-15  |y BK  |k EDU 
952 |0 0  |1 0  |4 0  |6 306_400000000000000_GOD_1979  |7 0  |8 P  |9 208769  |a BIBEDU  |b BIBEDU  |c BIBEDU_PB  |d 2019-11-15  |i 1557319  |o 306.4 GOD 1979  |p 1557319  |r 2024-01-25  |w 2019-11-15  |y BK  |k EDU 
952 |0 0  |1 0  |4 0  |6 306_400000000000000_GOD_1979  |7 0  |8 A  |9 208770  |a BIBDER  |b BIBDER  |d 2019-11-15  |i 3295648  |o 306.4 GOD 1979  |p 3295648  |r 2023-01-25  |w 2019-11-15  |y BK  |k DER 
952 |0 0  |1 0  |4 0  |6 306_400000000000000_GOD_1979  |7 0  |8 A  |9 208771  |a BIBENE  |b BIBENE  |d 2019-11-15  |i 1983520  |o 306.4 GOD 1979  |p 1983520  |r 2025-01-15  |w 2019-11-15  |y BK  |k ICO 
952 |0 0  |1 0  |4 0  |6 306_400000000000000_GOD_1979  |7 0  |8 A  |9 208772  |a BIBENE  |b BIBENE  |d 2019-11-15  |i 1983571  |o 306.4 GOD 1979  |p 1983571  |r 2025-01-15  |w 2019-11-15  |y BK  |k ICO 
952 |0 0  |1 0  |4 0  |6 306_400000000000000_GOD_1979  |7 0  |8 A  |9 208773  |a FDOPOS  |b FDOPOS  |d 2019-11-15  |i 4270568  |o 306.4 GOD 1979  |p 4270568  |r 2025-01-22  |w 2019-11-15  |y BK  |k MLA 
952 |0 0  |1 0  |2 ddc  |4 0  |6 306_400000000000000_GOD_1979  |7 1  |8 C_AGB  |9 579984  |a BIBDER  |b BIBDER  |d 2021-12-29  |e Donación   |i 5632986  |o 306.4 GOD 1979  |p 5632986  |r 2023-01-25  |t 9  |w 2021-12-29  |y BK_US  |k AGB